000
00207nam a2200097Ia 4500
008
170619s9999 xx 000 0 und d
100
_a
Jain- V.K
245
0
_a
Microsoft Excel 2000
260
_b
BPB
260
_c
2007
546
_a
ENGLISH
999
_c
21034
_d
21034